000 00560nam a2200205 a 4500
001 BRCA_4240
005 20190320204610.0
008 110610s1929----gw-a######---#000-0#ger-#
041 _ager
044 _agw
050 4 _aHQ21
_b.V45 1929
100 1 _aVelde, Th. H. van de
_910927
245 1 0 _aDie Vollkammene ehe
_cTh. H. van de Velde.
260 _aLeipzig, Alemania
_bMontana Verlag A.
_c1929
300 _axx, 303 p.
_bil.
_c24 cm.
500 _aAM52
650 1 4 _aSalud sexual
_eOrganos genitales
_xMatrimonio
_910928
902 _aGFM
942 _2lcc
_cB
999 _c3951
_d3951